• 首页
  • 本馆介绍
  • 公告通知
  • 最新文献
  • 馆藏检索
  • 电子资源
  • 读者导购
  • 参考咨询
  • 我的图书馆
  • 登录
  • 详细信息显示
  • 放入我的书架
  • 预约/预借图书
  • 作者相关作品
  • 分类相关作品
  • 丛书相关作品
  • 出版社相关作品

书目信息

  • 表格格式
  • 工作单格式
  • 卡片格式
题名:
寄小读者
    
 
作者: 冰心, 著
分册:  
出版信息: 武汉   长江少年儿童出版社  2015.04
页数: 319页
开本: 21cm
丛书名: 百年百部中国儿童文学经典书系
单 册:
中图分类:
科图分类:
主题词: 儿童文学--散文集--中国--现代 , 儿童文学--中国 , 儿童文学--中国--丛书
电子资源:
ISBN: 978-7-5560-2129-1
000 00935nam 2200301 450
001 2355237329
005 20120618205549.64
010    @a978-7-5560-2129-1@dCNY22.00
100    @a20151203d2015 cemy0chiy50 ea
101 0  @achi
102    @aCN@b420000
105    @aa z 000cy
106    @ar
200 1  @a寄小读者@d= To little readers@f冰心@zeng
210    @a武汉@c长江少年儿童出版社@d2015.04
215    @a319页@c图@d21cm
225 2  @a百年百部中国儿童文学经典书系@h第一辑
330    @a本书主要内容包括: 寄小读者、再寄小读者 (一) 、再寄小读者 (二) 、作家与作品等。
410  0 @12001 @a百年百部中国儿童文学经典书系@h第一辑
510 1  @aTo little readers@zeng
606 0  @a儿童文学@x散文集@y中国@z现代
606 0  @a儿童文学@x中国
606 0  @a儿童文学@x中国@x丛书
690    @a@v5
690    @aI286.6@v4
701  0 @a冰心,@f1900-1999@4著
801  0 @aCN@b安徽时代出版发行有限公司@c20151203
905    @dI286.6@e74
    
    寄小读者= To little readers/冰心.-武汉:长江少年儿童出版社,2015.04
    319页:图;21cm.-(百年百部中国儿童文学经典书系.第一辑)
    
    
    ISBN 978-7-5560-2129-1:CNY22.00
    本书主要内容包括: 寄小读者、再寄小读者 (一) 、再寄小读者 (二) 、作家与作品等。
●
相关链接 在E读中查询图书 在五车中查询图书 在当当中查询图书 在豆瓣中查询图书


正题名:寄小读者     索取号:I286.6/74         预约/预借

序号 登录号 条形码 馆藏地/架位号 状态 备注
1 1411544   214115447   第一样本阅览室/ [索取号:I286.6/74] 在馆    
2 1411545   214115456   第二借阅区/ [索取号:I286.6/74] 在馆    
3 1411546   214115465   第二借阅区/ [索取号:I286.6/74] 在馆    
4 1411547   214115474   教育系资料室/ [索取号:I286.6/74] 在馆    
5 1411548   214115483   教育系资料室/ [索取号:I286.6/74] 在馆    
唐山师范学院图书馆 欢迎您!
大连网信软件有限公司© 版权所有